00772nam a2200205 4500999001900000005001700019010001500036020002700051035001400078037001300092082000800105245011400113260005400227270007800281300002100359700002500380700001800405942002200423952012100445 c189058d18905820220610161948.0 aENG-133230 a9789354420580c1180.00 aEN-116762 bDBAD/PUB a192 aLanguage, Mind and Society:bA Language and Education Reader/cEdited by Rama Kant Agnihotri and Rajesh Kumar aHyderabadbOrient Blackswan Private Limitedc2022 a3-6-752 HimayatnagarbHyderabade500029mcentraloffie@orientblackswan.com a302p.c21cm(pbk) aAgnihotri, Rama Kant aKumar, Rajesh 2ddccENh192mLAN 001040718NFICaDBADbMd2022-06-10eDBAD/PUBg1180.00l0o192 LANpEN-116762r2022-06-10 00:00:00t1v1180.00yEN